000 00643nam a22002172 4500
001 0000018567
005 20151021151127.0
008 100211s xx 000 0 eng d
020 _a8131501887 :
040 _aKABU
_cKABU
100 1 _aStulz, Rene M.
_@0000177874
245 1 0 _aRisk management & derivatives /
_cRene M. Stulz.
250 _aIndia ed.
260 _aNew Delhi :
_bCengage,
_c2003.
300 _axxii, 676 p.
650 0 _aRisk management.
_@0000150875
650 0 _aDerivative securities.
_@0000152685
852 1 _9p1040 KES
908 _a100211
950 _@1
999 _c946
_d946